The Role of the regional actors in the Central American crisis
Enregistré dans:
| Auteur principal: | |
|---|---|
| Format: | Texte |
| Publié: |
London:
Royal Institute of International Affairs
|
| Tags: |
Ajouter un tag
Pas de tags, Soyez le premier à ajouter un tag!
|
MARC
| LEADER | 00000 a a2200000 04500 | ||
|---|---|---|---|
| 001 | 21607 | ||
| 003 | |||
| 040 | |||
| 090 | |a 096000 | ||
| 100 | |a Durán, Esperanza | ||
| 245 | |a The Role of the regional actors in the Central American crisis | ||
| 260 | |a London: |b Royal Institute of International Affairs | ||
| 300 | |a 22 p. | ||
| 999 | |c 1470 |d 1470 | ||
